000
00266nam a2200109Ia 4500
008
200302s9999 xx 000 0 und d
100
_a
Aisha Hasenovic (Ed.)
245
_a
Upstairs Downstairs
260
_b
Images Publishing, Austraila
260
_c
2006
300
_a
224
999
_c
4527
_d
4527